| 000 | 00714cam a22002533a 4500 | ||
|---|---|---|---|
| 001 | 17257 | ||
| 003 | PGUSA | ||
| 005 | 20140828083352.0 | ||
| 008 | 051208s2005||||xxu|||||s|||||000 | eng d | ||
| 040 |
_aPGUSA _beng |
||
| 042 | _adc | ||
| 050 | 4 | _aHD | |
| 100 | 1 | _aArsciwals, Juan Lauro | |
| 245 | 1 | 0 |
_aIsa Pang Bayani _h[electronic resource] / _cJuan Lauro Arsciwals |
| 260 |
_bProject Gutenberg, _c2005 |
||
| 506 | _aPublic domain in the USA. | ||
| 516 | _aElectronic text | ||
| 653 | _aWorking class -- Philippines | ||
| 653 | _aLabor -- Philippines | ||
| 653 | _aLabor movement -- Philippines | ||
| 830 | 0 |
_aProject Gutenberg _v17257 |
|
| 856 | 4 | 0 | _uhttp://www.gutenberg.org/ebooks/17257 |
| 942 | _cEB | ||
| 999 |
_c246512 _d246512 |
||